MARC

Tag First Indicator Second Indicator Subfields
LEADER 00000cam a2200000 a 4500
001 in00001495821
005 20240228120801.0
008 990806s1998 fr i000 0 eng d
010 |a  00298519  
019 |a 42031931 
029 1 |a AU@  |b 000042183744 
029 1 |a DEBBG  |b BV022165338 
035 |a (OCoLC)ocm42025290  
035 |a (OCoLC)42025290  |z (OCoLC)42031931 
035 |a (OCoLC)ocm42025290  
040 |a FQG  |b eng  |c FQG  |d IUL  |d DLC  |d CUY  |d DEBBG  |d TULIB  |d OCLCQ  |d OCLCO  |d OCLCQ  |d OCLCO  |d OCLCF  |d OCLCA  |d OKS  |d OCLCO  |d OCLCQ 
050 4 |a HD72  |b .O38 v.7 no. 21 
082 0 4 |a 364.132309177  |q OCoLC  |2 21/eng/20230216 
245 0 0 |a Convention on Combating Bribery of Foreign Public Officials in International Business Transactions :  |b and related documents /  |c Working Group on Bribery in International Business Transactions (CIME). 
260 |a Paris :  |b Organisation for Economic Co-operation and Development,  |c 1998. 
300 |a 28 pages ;  |c 30 cm 
336 |a text  |b txt  |2 rdacontent 
337 |a unmediated  |b n  |2 rdamedia 
338 |a volume  |b nc  |2 rdacarrier 
490 1 |a OECD working papers,  |x 1022-2227 ;  |v vol. VII, no. 21 
500 |a At head of title: Directorate for Financial, Fiscal and Enterprise Affairs; Committee on International Investment and Multinational Enterprises. 
500 |a "DAFFE/IME/BR(97)20." 
500 |a "OLIS: 08-Apr-1998." 
500 |a "Dist.: 10-Apr-1998." 
500 |a "Unclassified." 
500 |a "64091." 
650 0 |a Bribery  |x Government policy  |z OECD countries. 
650 0 |a Misconduct in office  |z OECD countries. 
650 0 |a Political corruption  |z OECD countries. 
650 0 |a Investments, Foreign  |z OECD countries. 
650 6 |a Prévarication  |z Pays de l'Organisation de coopération et de développement économiques. 
650 6 |a Corruption (Politique)  |z Pays de l'Organisation de coopération et de développement économiques. 
650 6 |a Investissements étrangers  |z Pays de l'Organisation de coopération et de développement économiques. 
650 7 |a Investments, Foreign.  |2 fast  |0 (OCoLC)fst00978370 
650 7 |a Misconduct in office.  |2 fast  |0 (OCoLC)fst01023635 
650 7 |a Political corruption.  |2 fast  |0 (OCoLC)fst01069240 
651 7 |a OECD countries.  |2 fast  |0 (OCoLC)fst01277092 
650 7 |a Bestechung  |2 gnd 
650 7 |a Internationales Recht  |2 gnd 
655 7 |a Quelle.  |2 swd 
710 2 |a Organisation for Economic Co-operation and Development.  |b Working Group on Bribery in International Business Transactions. 
710 2 |a Organisation for Economic Co-operation and Development.  |b Directorate for Financial, Fiscal and Enterprise Affairs. 
710 2 |a Organisation for Economic Co-operation and Development.  |b Committee on International Investment and Multinational Enterprises. 
776 0 8 |i Online version:  |t Convention on Combating Bribery of Foreign Public Officials in International Business Transactions.  |d Paris : Organisation for Economic Co-operation and Development, 1998  |w (OCoLC)654488593 
830 0 |a OECD working papers ;  |v v. 7, no. 21. 
948 |h HELD BY TXA - 53 OTHER HOLDINGS 
994 |a Z0  |b TXA 
999 f f |s 559ac5ea-14a2-3dff-9e3c-e2d2151a1e38  |i 3dc1a2a5-96a1-3960-ab2e-88d5d6e8468a  |t 0 
952 f f |p ric  |a Texas A&M University  |b Rellis Campus  |c Joint Library Facility  |s JLF  |d Remote Storage  |t 0  |e HD72 .O38 v.7 no. 21  |h Library of Congress classification  |i unmediated -- volume  |m A14825182989